Outsourcing v marketingu

Guardado en:
Detalles Bibliográficos
Autor principal: Daňo, Ferdinand, 1959-
Otros Autores: Hanuláková, Eva, 1964-
Formato: Capítulo de libro
Lenguaje:eslovaco
Etiquetas: Agregar Etiqueta
Sin Etiquetas, Sea el primero en etiquetar este registro!

MARC

LEADER 00000naa$a2200000$$$4500
001 0151984
005 20240502072720.9
041 0 |a slo 
044 |a SK 
245 1 0 |a Outsourcing v marketingu  |c Ferdinand Daňo, Eva Hanuláková 
100 1 |a Daňo, Ferdinand, 1959- 
700 1 |a Hanuláková, Eva, 1964-